[Event "2BLS 2324 SF Bad Mergentheim - SC Viernh"]
[Site "?"]
[Date "2023.12.02"]
[Round "3.7"]
[White "Meinhardt, Maximilian"]
[Black "Nemec, Jachym"]
[Result "1/2-1/2"]
[WhiteElo "2366"]
[BlackElo "2371"]
[PlyCount "75"]
[EventDate "2023.??.??"]

1. e4 c5 2. Nc3 Nc6 3. Nge2 Nf6 4. g3 g6 5. Bg2 Bg7 6. O-O O-O 7. d3 d6 8. h3 Rb8 9. a4 a6 10. Be3 b5 11. axb5 axb5 12. Qd2 b4 13. Nd1 Qc7 14. f4 Bb7 15. g4 Nd7 16. Rc1 Ra8 17. f5 Nce5 18. Bh6 Bxh6 19. Qxh6 f6 20. fxg6 hxg6 21. Ne3 Rf7 22. Nd5 Qd8 23. Qe3 Ra2 24. d4 cxd4 25. Qb3 Bxd5 26. exd5 Qa5 27. Nxd4 Nc5 28. Qe3 Rxb2 29. Nc6 Qa3 30. Qh6 Rh7 31. Nxe7+ Rxe7 32. Rxf6 Ncd7 33. Rxg6+ Nxg6 34. Qxg6+ Rg7 35. Qe6+ Rf7 36. Qg6+ Rg7 37. Qe6+ Rf7 38. Qg6+ 1/2-1/2

[Event "2BLS 2324 SF Bad Mergentheim - SC Viernh"]
[Site "?"]
[Date "2023.12.02"]
[Round "3.8"]
[White "Gasthofer, Alexander"]
[Black "Lanka, Zigurds"]
[Result "1/2-1/2"]
[WhiteElo "2393"]
[BlackElo "2364"]
[PlyCount "50"]
[EventDate "2023.??.??"]

1. d4 Nf6 2. Nf3 g6 3. c4 Bg7 4. g3 c5 5. Bg2 cxd4 6. Nxd4 O-O 7. O-O Nc6 8. Nc3 Ng4 9. e3 d6 10. b3 Bd7 11. h3 Nh6 12. Bd2 Rb8 13. Rc1 a6 14. Re1 Nxd4 15. exd4 Nf5 16. d5 b5 17. Ne4 bxc4 18. Rxc4 Rc8 19. Rxc8 Qxc8 20. Ba5 h5 21. Qd2 Qb7 22. Bc3 Bxc3 23. Nxc3 Qb6 24. Ne4 Kg7 25. Rc1 f6 1/2-1/2

[Event "2BLS 2324 TSV Schott Mainz - OSG Baden-B"]
[Site "?"]
[Date "2023.12.03"]
[Round "4.1"]
[White "Gozzoli, Yannick"]
[Black "Lobron, Eric"]
[Result "1-0"]
[WhiteElo "2575"]
[BlackElo "2484"]
[PlyCount "65"]
[EventDate "2023.??.??"]

1. d4 Nf6 2. c4 e6 3. Nc3 d5 4. Nf3 Be7 5. Bf4 O-O 6. e3 c5 7. dxc5 Bxc5 8. a3 Nc6 9. Qc2 Qa5 10. Nd2 Qd8 11. Nf3 Qa5 12. O-O-O Be7 13. g4 dxc4 14. Bxc4 e5 15. g5 exf4 16. gxf6 Bxf6 17. Nd5 Ne7 18. h4 Bf5 19. e4 Be6 20. Nxf6+ gxf6 21. Bxe6 Rfc8 22. Bxc8 Rxc8 23. Qxc8+ Nxc8 24. Kb1 Qb6 25. e5 Kf8 26. Rhe1 Ne7 27. Rd6 Qb5 28. Rc1 Qa5 29. exf6 Nc6 30. Nd4 Qc7 31. Nf5 h5 32. Rg1 Ne5 33. Ne7 1-0

[Event "2BLS 2324 TSV Schott Mainz - OSG Baden-B"]
[Site "?"]
[Date "2023.12.03"]
[Round "4.2"]
[White "Frischmann, Rick"]
[Black "Dann, Matthias"]
[Result "0-1"]
[WhiteElo "2389"]
[BlackElo "2475"]
[PlyCount "148"]
[EventDate "2023.??.??"]

1. e4 c5 2. Nf3 d6 3. Bb5+ Bd7 4. Bxd7+ Nxd7 5. O-O e6 6. c4 Ne5 7. d4 Nxf3+ 8. gxf3 cxd4 9. Qxd4 Ne7 10. f4 Nc6 11. Qd3 Be7 12. Nc3 O-O 13. b3 Bf6 14. Bb2 Qa5 15. Kh1 Rad8 16. Rg1 g6 17. Qh3 d5 18. exd5 exd5 19. Rg5 Bxg5 20. fxg5 d4 21. Ne4 h5 22. gxh6 Qe5 23. Qh4 f6 24. Ba3 Rf7 25. Re1 Kh8 26. f3 Re8 27. Rg1 Qf5 28. Qg3 Rxe4 29. fxe4 Qxe4+ 30. Qg2 Qxg2+ 31. Kxg2 Kh7 32. Rd1 Kxh6 33. b4 Rd7 34. b5 Ne5 35. c5 Kg5 36. Bb2 d3 37. Bxe5 fxe5 38. c6 bxc6 39. bxc6 Rc7 40. Rxd3 Rxc6 41. Kf3 Kf5 42. Ra3 a6 43. Ra4 g5 44. Kg3 Rh6 45. h3 Rd6 46. Kf3 Rc6 47. Kg3 Rh6 48. a3 Rd6 49. Kf3 Rc6 50. Kg3 Rh6 51. Rc4 Rh4 52. Rc8 Re4 53. Rf8+ Ke6 54. Rg8 Kf6 55. Rf8+ Kg7 56. Rf3 a5 57. Kg2 a4 58. Kg3 Rf4 59. Rc3 e4 60. Rc7+ Kf6 61. Rc6+ Ke5 62. Rc5+ Kd4 63. Rxg5 Rf3+ 64. Kg4 Rxa3 65. Rg8 Ra1 66. Rd8+ Kc5 67. Rc8+ Kd6 68. Rd8+ Kc5 69. Rc8+ Kd4 70. Rd8+ Ke3 71. h4 a3 72. Ra8 a2 73. Ra3+ Kd4 74. Ra4+ Kd5 0-1

[Event "2BLS 2324 TSV Schott Mainz - OSG Baden-B"]
[Site "?"]
[Date "2023.12.03"]
[Round "4.3"]
[White "Martin, Julian"]
[Black "Cicak, Slavko"]
[Result "0-1"]
[WhiteElo "2423"]
[BlackElo "2487"]
[PlyCount "36"]
[EventDate "2023.??.??"]

1. e4 e6 2. d4 d5 3. Nd2 dxe4 4. Nxe4 Bd7 5. Nf3 Bc6 6. Ned2 Nd7 7. b3 Ngf6 8. Bb2 Be7 9. Bd3 O-O 10. Ne5 Nxe5 11. dxe5 Nd5 12. Be4 Bb4 13. Qc1 Nf4 14. Bxc6 bxc6 15. Kd1 Qg5 16. g3 Qh5+ 17. f3 Rad8 18. c3 Qxf3+ 0-1

[Event "2BLS 2324 TSV Schott Mainz - OSG Baden-B"]
[Site "?"]
[Date "2023.12.03"]
[Round "4.4"]
[White "Barzen, Pascal"]
[Black "Schmider, Niklas"]
[Result "1-0"]
[WhiteElo "2254"]
[BlackElo "2417"]
[PlyCount "83"]
[EventDate "2023.??.??"]

1. e4 e5 2. Nf3 Nc6 3. Bb5 a6 4. Ba4 Nf6 5. O-O Bc5 6. c3 b5 7. Bb3 d6 8. d4 Bb6 9. Be3 O-O 10. Nbd2 Re8 11. Re1 Na5 12. Bc2 Ng4 13. Bg5 f6 14. Bh4 c5 15. h3 Nh6 16. Nf1 cxd4 17. cxd4 Nc6 18. Bb3+ Nf7 19. Bd5 Bd7 20. Ne3 Rc8 21. Qb3 Re7 22. dxe5 dxe5 23. Rad1 Na5 24. Qd3 Bxe3 25. Qxe3 Nc4 26. Qe2 Rc7 27. Nh2 Nb6 28. Bb3 Qc8 29. Ng4 a5 30. Nxf6+ gxf6 31. Bxf6 Re8 32. Qh5 Nc4 33. Re3 Rc6 34. Rg3+ Kf8 35. Bg7+ Kg8 36. Bh6+ Bg4 37. Rxg4+ Qxg4 38. Qxg4+ Rg6 39. Qd7 Rd8 40. Qxd8+ Nxd8 41. Rxd8+ Kf7 42. Bxc4+ 1-0

[Event "2BLS 2324 TSV Schott Mainz - OSG Baden-B"]
[Site "?"]
[Date "2023.12.03"]
[Round "4.5"]
[White "Bellahcene, Bilel"]
[Black "Schenderowitsch, Michael"]
[Result "1-0"]
[WhiteElo "2509"]
[BlackElo "2279"]
[PlyCount "81"]
[EventDate "2023.??.??"]

1. d4 Nf6 2. c4 e6 3. Nf3 b6 4. Nc3 Bb4 5. Bg5 Bb7 6. Nd2 h6 7. Bh4 Bxc3 8. bxc3 d6 9. f3 Nbd7 10. e4 e5 11. Be2 Nf8 12. Bf2 N6d7 13. Nf1 Ne6 14. Ne3 g6 15. g3 h5 16. h4 Ng7 17. Bd3 Qe7 18. Qe2 Ne6 19. Nd5 Qf8 20. a4 c6 21. Nb4 a5 22. Nc2 c5 23. Rb1 Ba6 24. O-O Qg7 25. dxe5 dxe5 26. Ne3 Nc7 27. Rfd1 O-O 28. Bc2 Bc8 29. Rd3 f6 30. Qd2 Rf7 31. Rd6 Ne8 32. Re6 Nc7 33. Rc6 Nf8 34. Rcxb6 Rd7 35. Nd5 Nxd5 36. cxd5 Qe7 37. Bd3 Rb7 38. Rxb7 Bxb7 39. Qb2 Bc8 40. Qb6 Nd7 41. Qc6 1-0

[Event "2BLS 2324 TSV Schott Mainz - OSG Baden-B"]
[Site "?"]
[Date "2023.12.03"]
[Round "4.6"]
[White "Steinacker, Alex"]
[Black "Trifan, Andrei Ioan"]
[Result "1/2-1/2"]
[WhiteElo "2303"]
[BlackElo "2304"]
[PlyCount "73"]
[EventDate "2023.??.??"]

1. g3 d5 2. Nf3 Nf6 3. Bg2 c6 4. O-O Bg4 5. h3 Bh5 6. d3 Nbd7 7. Nbd2 e5 8. e4 Bd6 9. Re1 O-O 10. c3 Re8 11. Qc2 a5 12. Nf1 Rc8 13. Nh4 dxe4 14. dxe4 Bf8 15. Bg5 h6 16. Be3 Nc5 17. g4 Bg6 18. Rad1 Qc7 19. Nf5 Ne6 20. Qb3 b5 21. N1g3 a4 22. Qc2 Rcd8 23. c4 Rxd1 24. Rxd1 Rd8 25. Rxd8 Qxd8 26. Bf1 Qd7 27. cxb5 cxb5 28. Qd3 Qxd3 29. Bxd3 Nc7 30. Bb6 Nfe8 31. h4 f6 32. h5 Bh7 33. a3 b4 34. axb4 Bxb4 35. Nf1 a3 36. bxa3 Bxa3 37. N1e3 1/2-1/2

[Event "2BLS 2324 TSV Schott Mainz - OSG Baden-B"]
[Site "?"]
[Date "2023.12.03"]
[Round "4.7"]
[White "Riff, Jean-Noel"]
[Black "Gohil, Harry"]
[Result "1-0"]
[WhiteElo "2400"]
[BlackElo "2256"]
[PlyCount "55"]
[EventDate "2023.??.??"]

1. e4 c5 2. Nf3 Nc6 3. Bb5 d6 4. O-O Bd7 5. c3 Nf6 6. Re1 a6 7. Bf1 Bg4 8. d4 e6 9. d5 Ne5 10. Nbd2 exd5 11. exd5 Be7 12. h3 Bh5 13. Be2 O-O 14. Nxe5 Bxe2 15. Qxe2 dxe5 16. Nc4 b5 17. Nxe5 Qxd5 18. c4 Qb7 19. Bg5 h6 20. Bh4 Rfe8 21. Rad1 Rad8 22. Ng4 Nd5 23. Bxe7 Rxe7 24. Rxd5 Rxe2 25. Rxd8+ Kh7 26. Rxe2 bxc4 27. Rd1 c3 28. b3 1-0

[Event "2BLS 2324 TSV Schott Mainz - OSG Baden-B"]
[Site "?"]
[Date "2023.12.03"]
[Round "4.8"]
[White "Siebenhaar, Erich"]
[Black "Breder, Dennis"]
[Result "0-1"]
[WhiteElo "2083"]
[BlackElo "2407"]
[PlyCount "118"]
[EventDate "2023.??.??"]

1. d4 e6 2. Bf4 Nf6 3. Nc3 Bb4 4. e3 Nd5 5. Nge2 Nxf4 6. Nxf4 Bxc3+ 7. bxc3 d6 8. Bd3 e5 9. Ne2 f5 10. Ng3 g6 11. O-O Nc6 12. Re1 O-O 13. f4 e4 14. Bf1 Na5 15. c4 b6 16. Qd2 Qf6 17. Rad1 Be6 18. Qb4 c5 19. Qa4 Qf7 20. d5 Bd7 21. Qa3 Qf6 22. Be2 h5 23. Nf1 h4 24. Kh1 Rf7 25. Nd2 Rg7 26. Rg1 Kf7 27. Rb1 Rh8 28. Qb2 Qxb2 29. Rxb2 g5 30. fxg5 Rxg5 31. Rf1 Ke7 32. Rbb1 Ba4 33. Nb3 Nb7 34. Rf4 Kf6 35. Rbf1 Kg6 36. Bd1 Nd8 37. Nd2 Rh7 38. Kg1 Be8 39. c3 Nf7 40. Bc2 Ne5 41. Nxe4 fxe4 42. Bxe4+ Kg7 43. Bxh7 Kxh7 44. Rxh4+ Bh5 45. h3 Kg7 46. Rhf4 Be2 47. Rf5 Rxf5 48. Rxf5 Bxc4 49. e4 Bxa2 50. Kf2 a5 51. Ke3 a4 52. Rf1 Bb3 53. g4 a3 54. Kf4 a2 55. Kf5 Bc4 56. Rg1 b5 57. Ke6 b4 58. Kxd6 b3 59. Kxc5 b2 0-1

[Event "2BLS 2324 SV 1920 Hofheim - SC Eppingen"]
[Site "?"]
[Date "2023.12.03"]
[Round "4.2"]
[White "Saric, Ante"]
[Black "Noe, Christopher"]
[Result "1/2-1/2"]
[WhiteElo "2503"]
[BlackElo "2528"]
[PlyCount "41"]
[EventDate "2023.??.??"]

1. Nf3 Nf6 2. c4 e6 3. Nc3 c5 4. e4 Nc6 5. Be2 d5 6. exd5 exd5 7. d4 Be7 8. O-O O-O 9. Be3 dxc4 10. dxc5 Ng4 11. Bf4 Bxc5 12. Ne4 Be7 13. Bxc4 Nf6 14. Qxd8 Rxd8 15. Nc3 Bg4 16. Rfd1 Rac8 17. Be2 h6 18. Be3 a6 19. h3 Be6 20. Nd4 Nxd4 21. Rxd4 1/2-1/2

[Event "2BLS 2324 SV 1920 Hofheim - SC Eppingen"]
[Site "?"]
[Date "2023.12.03"]
[Round "4.3"]
[White "Hacker, Jonas"]
[Black "Sumets, Andrey"]
[Result "1/2-1/2"]
[WhiteElo "2422"]
[BlackElo "2516"]
[PlyCount "45"]
[EventDate "2023.??.??"]

1. e4 c6 2. d4 d5 3. e5 Bf5 4. Nf3 e6 5. Be2 Ne7 6. O-O Nd7 7. Nh4 c5 8. c3 Be4 9. Nd2 Nc6 10. Nxe4 dxe4 11. g3 cxd4 12. cxd4 Nb6 13. Be3 Be7 14. Ng2 O-O 15. Bb5 Qd5 16. Bxc6 Qxc6 17. Qg4 Rfc8 18. Rfc1 Qd5 19. b3 g6 20. Nf4 Qb5 21. Ng2 Qd5 22. Nf4 Qb5 23. Ng2 1/2-1/2

[Event "2BLS 2324 SV 1920 Hofheim - SC Eppingen"]
[Site "?"]
[Date "2023.12.03"]
[Round "4.4"]
[White "Shneider, Aleksandr"]
[Black "Medvegy, Zoltan"]
[Result "0-1"]
[WhiteElo "2481"]
[BlackElo "2501"]
[PlyCount "54"]
[EventDate "2023.??.??"]

1. d4 e6 2. c4 c5 3. d5 exd5 4. cxd5 d6 5. Nc3 g6 6. Nf3 Bg7 7. Nd2 Nd7 8. e4 a6 9. a4 Nh6 10. Nc4 Nb6 11. Ne3 O-O 12. a5 Nd7 13. Nc4 b5 14. axb6 Nxb6 15. Na5 f5 16. Be2 fxe4 17. O-O Bf5 18. Nc6 Qh4 19. g3 Qh3 20. Ne7+ Kh8 21. Nxf5 gxf5 22. Bf4 Be5 23. Bxe5+ dxe5 24. Re1 Nf7 25. Rxa6 Rxa6 26. Bxa6 c4 27. Qd2 Rg8 0-1

[Event "2BLS 2324 SV 1920 Hofheim - SC Eppingen"]
[Site "?"]
[Date "2023.12.03"]
[Round "4.5"]
[White "Guliyev, Namig"]
[Black "Ginsburg, Gennadi"]
[Result "0-1"]
[WhiteElo "2519"]
[BlackElo "2417"]
[PlyCount "178"]
[EventDate "2023.??.??"]

1. e4 c5 2. Nf3 e6 3. d4 cxd4 4. Nxd4 a6 5. Bd3 Bc5 6. Nb3 Ba7 7. O-O Ne7 8. c4 Nbc6 9. Nc3 O-O 10. Re1 Ne5 11. Be3 Qc7 12. Bxa7 Rxa7 13. Rc1 N7g6 14. Bf1 b6 15. g3 f6 16. f4 Nf7 17. Qe2 Bb7 18. Qe3 Rb8 19. Red1 Ba8 20. a3 Qc8 21. Nd2 Rc7 22. b4 Qb7 23. Nb3 d6 24. Rd2 Rbc8 25. Na4 Rb8 26. Bg2 e5 27. f5 Ne7 28. h4 Qc6 29. Nb2 Rd7 30. g4 h6 31. a4 Qc7 32. Nd1 Qd8 33. Qf2 b5 34. cxb5 axb5 35. a5 Nc6 36. Rxc6 Bxc6 37. Nc3 Qc8 38. Bf1 Rc7 39. Qe3 Qb7 40. Nd5 Bxd5 41. Rxd5 Rc4 42. Bxc4 bxc4 43. Nc1 Qxb4 44. Kf2 c3 45. Ne2 c2 46. a6 Qa4 47. Qc3 Qxa6 48. Qxc2 Rb4 49. Rd1 Qb7 50. Kf3 h5 51. gxh5 Nh6 52. Ng3 Kh7 53. Rxd6 Rb2 54. Qd1 Qa7 55. Rd2 Qa3+ 56. Rd3 Qa2 57. Qg1 Rh2 58. Re3 Qd2 59. Ne2 Rh3+ 60. Ng3 Rxh4 61. Re2 Qf4+ 62. Kg2 Ng4 63. Nf1 Rxh5 64. Ng3 Rh4 65. Nf1 Qg5 66. Ng3 Qh6 67. Nf1 Rh3 68. Qc5 Rd3 69. Kg1 Rf3 70. Rg2 Qh3 71. Qc4 Rxf1+ 72. Qxf1 Qe3+ 73. Kh1 Qxe4 74. Kg1 Qe3+ 75. Kh1 Qh6+ 76. Kg1 Ne3 77. Qd3 Nxg2 78. Kxg2 Qf4 79. Qh3+ Kg8 80. Qb3+ Kh7 81. Qh3+ Qh6 82. Qd3 Qg5+ 83. Kf1 Qf4+ 84. Ke2 Kh6 85. Qd7 e4 86. Qc8 Kg5 87. Qd7 Qf3+ 88. Ke1 Qe3+ 89. Kf1 Qd3+ 0-1

[Event "2BLS 2324 SV 1920 Hofheim - SC Eppingen"]
[Site "?"]
[Date "2023.12.03"]
[Round "4.6"]
[White "Gurevich, Vladimir"]
[Black "Gibicar, Danijel"]
[Result "1/2-1/2"]
[WhiteElo "2443"]
[BlackElo "2285"]
[PlyCount "25"]
[EventDate "2023.??.??"]

1. e4 e6 2. d4 d5 3. Nc3 Bb4 4. e5 c5 5. Bd2 Ne7 6. a3 Bxc3 7. Bxc3 b6 8. h4 Ba6 9. Bxa6 Nxa6 10. h5 h6 11. Nf3 Rc8 12. Qe2 Nb8 13. O-O 1/2-1/2

[Event "2BLS 2324 SV 1920 Hofheim - SC Eppingen"]
[Site "?"]
[Date "2023.12.03"]
[Round "4.7"]
[White "Mann, Christian"]
[Black "Doric, Darko"]
[Result "0-1"]
[WhiteElo "2391"]
[BlackElo "2452"]
[PlyCount "148"]
[EventDate "2023.??.??"]

1. c4 e6 2. g3 d5 3. Bg2 Nf6 4. Nf3 Be7 5. O-O O-O 6. b3 b6 7. Bb2 Bb7 8. e3 Nbd7 9. Qe2 dxc4 10. bxc4 c5 11. d3 Qc7 12. e4 Ng4 13. e5 Rad8 14. Nbd2 Nh6 15. h3 Nf5 16. g4 Bxf3 17. Nxf3 Nd4 18. Nxd4 cxd4 19. f4 Nc5 20. Ba3 Na4 21. Bxe7 Qxe7 22. Rae1 Nc3 23. Qd2 a6 24. f5 Qh4 25. f6 g6 26. Kh2 Rc8 27. Rf4 Rfd8 28. g5 Qxg5 29. Qf2 b5 30. Rg4 Qh6 31. Bb7 Rb8 32. Bxa6 b4 33. c5 Ra8 34. Bc4 Rac8 35. Reg1 Rxc5 36. Rxd4 Rxd4 37. Qxd4 Rc8 38. Rg2 Qf8 39. Qf4 Rd8 40. d4 Nd5 41. Bxd5 Rxd5 42. Rc2 Rd7 43. Qd2 h5 44. Rc4 Kh7 45. Rxb4 Qa8 46. a4 Qe4 47. a5 Rc7 48. Rb2 Rc4 49. Qf2 Rxd4 50. Re2 Qd5 51. a6 Rd1 52. Qg2 Qc4 53. a7 Qf4+ 54. Qg3 Qxg3+ 55. Kxg3 Ra1 56. Rb2 Rxa7 57. Kf4 Ra4+ 58. Kg5 Ra1 59. Rb8 Re1 60. Rf8 Rxe5+ 61. Kh4 g5+ 62. Kxh5 g4+ 63. Kh4 Kg6 64. hxg4 Kxf6 65. Kg3 Ra5 66. Kf3 Ra3+ 67. Kf2 Ra7 68. Kf3 Ke5 69. Rb8 Ra3+ 70. Kf2 Kf4 71. Rb4+ Kg5 72. Kg2 f6 73. Rc4 e5 74. Rb4 Rd3 0-1

[Event "2BLS 2324 SV 1920 Hofheim - SC Eppingen"]
[Site "?"]
[Date "2023.12.03"]
[Round "4.8"]
[White "Weber, Ulrich"]
[Black "Cofmann, Veaceslav"]
[Result "1-0"]
[WhiteElo "2333"]
[BlackElo "2210"]
[PlyCount "159"]
[EventDate "2023.??.??"]

1. Nf3 Nf6 2. g3 b6 3. Bg2 Bb7 4. c4 c5 5. O-O g6 6. d4 cxd4 7. Qxd4 Bg7 8. Nc3 O-O 9. Qh4 d6 10. Bh6 Nbd7 11. Rfd1 Rc8 12. b3 Bxh6 13. Qxh6 Bxf3 14. exf3 Qc7 15. Qe3 Rfe8 16. Nb5 Qb8 17. f4 Nc5 18. Rac1 a6 19. Nd4 e5 20. Nc6 Qc7 21. fxe5 dxe5 22. b4 Nce4 23. b5 Nc5 24. Rc2 e4 25. Qd4 Kg7 26. f3 e3 27. Re2 axb5 28. cxb5 Ra8 29. f4 Ra3 30. Qb2 Rd3 31. Rxd3 Nxd3 32. Qd4 Qd7 33. Qc3 Qd6 34. Bf3 Kg8 35. Nd4 Nb4 36. Nc6 Nd3 37. a4 Nc5 38. a5 bxa5 39. Nxa5 Ncd7 40. Nc6 Qd1+ 41. Kg2 Nd5 42. Qc2 Qxc2 43. Rxc2 N7b6 44. Be2 Ra8 45. Kf3 Ra3 46. Ne5 Rb3 47. Rc6 Rb2 48. Rd6 Rd2 49. Ng4 Rb2 50. Nf6+ Nxf6 51. Rxb6 Nd5 52. Rc6 Kg7 53. Rc5 Rd2 54. Bc4 Nb6 55. Kxe3 Rxh2 56. Be2 Rh1 57. Rc6 Nd7 58. Bc4 Rg1 59. Kf2 Rc1 60. Rc7 Nb6 61. Rxf7+ Kh6 62. Bd5 Rc2+ 63. Ke1 Rc3 64. Kf2 Rc2+ 65. Kf1 Nc4 66. Bxc4 Rxc4 67. b6 Rb4 68. b7 Rb2 69. Ke1 Kh5 70. Rxh7+ Kg4 71. Rg7 Kf5 72. Kd1 Kf6 73. Rh7 Kf5 74. Kc1 Rb6 75. Kc2 Kg4 76. Rg7 Kf5 77. Kc3 Kf6 78. Rh7 Rb1 79. Kc4 Ke6 80. Kc5 1-0

[Event "2BLS 2324 TSV Schönaich - SK Schmiden/C"]
[Site "?"]
[Date "2023.12.03"]
[Round "4.2"]
[White "Diaz Camallonga, Carles"]
[Black "Kabisch, Thilo"]
[Result "1-0"]
[WhiteElo "2491"]
[BlackElo "2230"]
[PlyCount "102"]
[EventDate "2023.??.??"]

1. d4 Nf6 2. Nf3 e6 3. g3 b6 4. c4 Bb7 5. Bg2 Bb4+ 6. Bd2 a5 7. O-O O-O 8. Bf4 Nh5 9. Bc1 Be7 10. Nc3 d6 11. e4 Nd7 12. d5 g6 13. Bh6 Re8 14. Nd4 Bf8 15. Bxf8 Nxf8 16. f4 e5 17. fxe5 Rxe5 18. Qf3 Qe8 19. Nc6 Bxc6 20. dxc6 Ne6 21. Nd5 Ng5 22. Qf2 Qxc6 23. g4 Ng7 24. h4 Qxc4 25. hxg5 Rf8 26. Rac1 Qd3 27. Rc3 Qb5 28. Rxc7 Ne6 29. Rxf7 Qxf1+ 30. Qxf1 Rxf7 31. Qa6 Nxg5 32. Nc3 d5 33. Nxd5 Nxe4 34. Bxe4 Rxe4 35. Nf6+ Rxf6 36. Qa8+ Kg7 37. Qxe4 g5 38. Kg2 h6 39. Kg3 Kf7 40. Qh7+ Ke6 41. Qg7 Ke5 42. Qe7+ Re6 43. Qc7+ Kf6 44. Kf3 Kg6 45. Qd8 Kf7 46. Qd7+ Kf6 47. a4 Ke5 48. Ke3 Kf6+ 49. Kd4 Re1 50. Qd6+ Re6 51. Qf8+ Kg6 1-0

[Event "2BLS 2324 TSV Schönaich - SK Schmiden/C"]
[Site "?"]
[Date "2023.12.03"]
[Round "4.3"]
[White "Trachtmann, Mark"]
[Black "Korneev, Oleg"]
[Result "0-1"]
[WhiteElo "2234"]
[BlackElo "2469"]
[PlyCount "80"]
[EventDate "2023.??.??"]

1. d4 d5 2. c4 e6 3. Nc3 c6 4. cxd5 exd5 5. Nf3 Nf6 6. Bg5 Be7 7. e3 Bf5 8. Bd3 Bxd3 9. Qxd3 Nbd7 10. O-O O-O 11. Rab1 a5 12. Nd2 Re8 13. f3 Nh5 14. Bxe7 Qxe7 15. g4 Qg5 16. Rbe1 Nhf6 17. Qf5 h6 18. Qxg5 hxg5 19. Kf2 Nf8 20. Rh1 Ng6 21. Nf1 Re7 22. Ng3 Nh4 23. Rhg1 g6 24. Nge2 Kg7 25. Nc1 Rd8 26. Nb3 b6 27. Rc1 Rd6 28. Na4 Nd7 29. Nd2 Kh6 30. Nc3 f5 31. Ne2 Rde6 32. Rc3 Nf6 33. h3 f4 34. Nf1 Ne8 35. Nc1 Nd6 36. b3 fxe3+ 37. Ke2 Nb5 38. Rd3 c5 39. dxc5 bxc5 40. Rxe3 Rxe3+ 0-1

[Event "2BLS 2324 TSV Schönaich - SK Schmiden/C"]
[Site "?"]
[Date "2023.12.03"]
[Round "4.4"]
[White "Kocharin, Timur"]
[Black "Krockenberger, Martin"]
[Result "1-0"]
[WhiteElo "2104"]
[BlackElo "2131"]
[PlyCount "91"]
[EventDate "2023.??.??"]

1. d4 Nf6 2. Nf3 g6 3. c4 Bg7 4. Nc3 O-O 5. e4 d6 6. h3 e5 7. d5 a5 8. Be3 Na6 9. Nd2 Nd7 10. g4 Ndc5 11. Rg1 Kh8 12. g5 f6 13. h4 fxg5 14. hxg5 Bd7 15. a3 a4 16. Qc2 c6 17. Be2 Qa5 18. Bg4 Rf7 19. Bxd7 Rxd7 20. Kf1 Rf7 21. Kg2 Bf8 22. Raf1 Be7 23. f3 Raf8 24. Kh2 Nc7 25. Ne2 Ne8 26. f4 Ng7 27. fxe5 dxe5 28. Rxf7 Rxf7 29. Rf1 Rxf1 30. Nxf1 Qd8 31. Nd2 Nb3 32. Nxb3 axb3 33. Qxb3 cxd5 34. cxd5 Bxg5 35. Qb6 Ne8 36. Qxd8 Bxd8 37. Kg2 Kg7 38. a4 h5 39. b4 g5 40. Nc3 Kg6 41. a5 h4 42. Na4 Nd6 43. Nc5 Nc4 44. Bg1 b6 45. a6 bxc5 46. bxc5 1-0

[Event "2BLS 2324 TSV Schönaich - SK Schmiden/C"]
[Site "?"]
[Date "2023.12.03"]
[Round "4.6"]
[White "Keilhack, Harald"]
[Black "Loehr, Markus"]
[Result "1-0"]
[WhiteElo "2225"]
[BlackElo "2206"]
[PlyCount "93"]
[EventDate "2023.??.??"]

1. Nf3 Nf6 2. c4 g6 3. Nc3 d5 4. cxd5 Nxd5 5. Qb3 Nb6 6. d4 Be6 7. Qc2 Bg7 8. Bg5 O-O 9. Rd1 c6 10. e4 N8d7 11. Be2 h6 12. Bc1 Bg4 13. O-O Qc8 14. a4 a5 15. Be3 Be6 16. h3 Bc4 17. Rfe1 Bxe2 18. Rxe2 Qc7 19. Qb3 Qd6 20. Na2 Rfd8 21. Red2 Rac8 22. g3 Qe6 23. Qxe6 fxe6 24. b3 Na8 25. d5 exd5 26. exd5 Nf6 27. dxc6 Rxd2 28. Nxd2 bxc6 29. Nc4 Nd5 30. Nxa5 Nxe3 31. fxe3 Nb6 32. Kf2 Kf7 33. Rc1 c5 34. Ke2 Be5 35. g4 Ke6 36. Nc4 Nxc4 37. Rxc4 Rb8 38. Nc1 Bb2 39. Nd3 Rxb3 40. Nxc5+ Kd5 41. Nxb3 Kxc4 42. Nd4 Bc3 43. Kf3 Bb4 44. Ke4 Bc3 45. Nf3 Kb4 46. Nh4 Kxa4 47. Nxg6 1-0

[Event "2BLS 2324 TSV Schönaich - SK Schmiden/C"]
[Site "?"]
[Date "2023.12.03"]
[Round "4.7"]
[White "Suess, Stefan"]
[Black "Brunner, Jan"]
[Result "0-1"]
[WhiteElo "1900"]
[BlackElo "2222"]
[PlyCount "76"]
[EventDate "2023.??.??"]

1. e4 c5 2. Nf3 Nc6 3. d4 cxd4 4. Nxd4 Nf6 5. Nc3 d6 6. Bc4 Qb6 7. Nb3 e6 8. Qe2 Be7 9. Bf4 O-O 10. O-O-O Ne5 11. Bxe5 dxe5 12. g4 Nd7 13. h4 a6 14. g5 Qc7 15. Bd3 b5 16. Qg4 b4 17. Ne2 a5 18. Ng3 a4 19. Nd2 b3 20. axb3 Nc5 21. Bc4 axb3 22. Nxb3 Ra4 23. Qe2 Ba6 24. Nxc5 Bxc4 25. Nxa4 Bxe2 26. Nxe2 Qc4 27. Nec3 Qc6 28. Rh3 f6 29. g6 hxg6 30. h5 gxh5 31. Rxh5 Bb4 32. Rd3 f5 33. f3 fxe4 34. fxe4 Rf1+ 35. Rd1 Rxd1+ 36. Kxd1 Bxc3 37. Nxc3 Qb6 38. b3 Qd4+ 0-1

[Event "2BLS 2324 SV 1947 Walldorf - SF Bad Merg"]
[Site "?"]
[Date "2023.12.03"]
[Round "4.1"]
[White "Kazakouski, Valery"]
[Black "Aczel, Gergely"]
[Result "1-0"]
[WhiteElo "2586"]
[BlackElo "2496"]
[PlyCount "129"]
[EventDate "2023.??.??"]

1. e4 c6 2. Nf3 d5 3. Nc3 dxe4 4. Nxe4 Nf6 5. Qe2 Nxe4 6. Qxe4 Nd7 7. Bc4 Nf6 8. Qf4 Nd5 9. Qg3 Qd6 10. Qxd6 exd6 11. Bxd5 cxd5 12. d3 Bg4 13. Nd4 Be7 14. Be3 O-O 15. h3 Bd7 16. Ne2 Rfe8 17. Bd4 Bg5 18. Kd1 h5 19. Re1 a6 20. Nc3 Rxe1+ 21. Kxe1 Re8+ 22. Kf1 Bc6 23. a4 Kf8 24. Rd1 Rc8 25. g3 h4 26. f4 Bh6 27. Kg2 Bd7 28. Rd2 g6 29. a5 Be6 30. Ne2 hxg3 31. Kxg3 Ke7 32. h4 f6 33. Be3 Kf7 34. Nd4 Bd7 35. Rh2 Rg8 36. Kf3 f5 37. Ke2 Bg7 38. Kd2 Bf6 39. b3 Bd8 40. b4 Kg7 41. Nf3 Kh6 42. Bb6 Bf6 43. Bd4 Bxd4 44. Nxd4 Re8 45. Rg2 Re7 46. Rg5 Rh7 47. Nf3 Kg7 48. Ke3 d4+ 49. Kf2 Kf6 50. Kg3 Re7 51. h5 gxh5 52. Rxh5 Rg7+ 53. Rg5 Rh7 54. Kf2 Bc6 55. Nxd4 Bd7 56. Rg8 Ba4 57. Kg2 Rh4 58. Rf8+ Kg6 59. Rxf5 Rg4+ 60. Kf3 Rg1 61. Rd5 Rc1 62. Rxd6+ Kf7 63. Ke3 Re1+ 64. Kd2 Rf1 65. f5 1-0

[Event "2BLS 2324 SV 1947 Walldorf - SF Bad Merg"]
[Site "?"]
[Date "2023.12.03"]
[Round "4.2"]
[White "Gschnitzer, Adrian"]
[Black "Rakotomaharo, Fy Antenaina"]
[Result "1/2-1/2"]
[WhiteElo "2418"]
[BlackElo "2460"]
[PlyCount "156"]
[EventDate "2023.??.??"]

1. e4 e5 2. Nf3 Nc6 3. Bc4 Bc5 4. c3 Nf6 5. d4 exd4 6. cxd4 Bb4+ 7. Nbd2 Nxe4 8. d5 Ne7 9. O-O Nf6 10. a3 Bd6 11. Ng5 b5 12. Bxb5 O-O 13. Nde4 Nexd5 14. Bc4 Nb6 15. Qd3 Nxe4 16. Qxe4 g6 17. Ba2 Ba6 18. Re1 Qf6 19. Bd2 Qxb2 20. Qe3 Bc5 21. Qh3 h5 22. Ne4 Bd4 23. Bb3 Bg7 24. Rab1 Qd4 25. Re3 Nd5 26. Bxd5 Qxd5 27. Bc3 Bxc3 28. Nxc3 Qc6 29. Rd1 Rab8 30. Qxd7 Qxd7 31. Rxd7 Rfd8 32. Rde7 Rb3 33. h4 Rd3 34. Rxc7 Rxe3 35. fxe3 Rxa3 36. Rxa7 Rxc3 37. Rxa6 Rxe3 38. Kf2 Re6 39. Ra7 Kg7 40. Kf3 Rb6 41. g3 Kf6 42. Kf4 Rb4+ 43. Kf3 Rd4 44. Ra5 Ke6 45. Rb5 Rd5 46. Rb7 Rd3+ 47. Kf4 Rd4+ 48. Kf3 f6 49. Ra7 Ke5 50. Ra5+ Rd5 51. Ra3 Rc5 52. Ke3 Rb5 53. Kf3 Rd5 54. Ke3 Rc5 55. Kf3 Kf5 56. Rb3 Ra5 57. Re3 Ra1 58. Rb3 Rf1+ 59. Kg2 Re1 60. Kf3 g5 61. hxg5 Kxg5 62. Rb5+ Re5 63. Rb3 Rf5+ 64. Kg2 Ra5 65. Kf3 Ra4 66. Rb5+ f5 67. Rb3 h4 68. gxh4+ Rxh4 69. Kg3 f4+ 70. Kg2 Kg4 71. Rc3 Rh5 72. Ra3 Re5 73. Kf2 Rb5 74. Kg2 Rb2+ 75. Kf1 f3 76. Ra8 Rb1+ 77. Kf2 Rb2+ 78. Kf1 Rb1+ 1/2-1/2

[Event "2BLS 2324 SV 1947 Walldorf - SF Bad Merg"]
[Site "?"]
[Date "2023.12.03"]
[Round "4.3"]
[White "Ikonnikov, Vyacheslav"]
[Black "Richter, Nils"]
[Result "1/2-1/2"]
[WhiteElo "2471"]
[BlackElo "2399"]
[PlyCount "44"]
[EventDate "2023.??.??"]

1. d4 Nf6 2. Nf3 e6 3. c4 b6 4. g3 Ba6 5. b3 Bb4+ 6. Bd2 Be7 7. Bg2 O-O 8. O-O d5 9. cxd5 exd5 10. Ne5 Bb7 11. Nc3 Nbd7 12. Bf4 Re8 13. Rc1 Nf8 14. Na4 Ne6 15. Bh3 Bd6 16. e3 h6 17. Nc6 Bxc6 18. Rxc6 Nxf4 19. exf4 Re7 20. Qd3 Qe8 21. Rc2 Ne4 22. Nc3 Nxc3 1/2-1/2